U.S. States Closest to Mexico Without Bordering Mexico - Statistics

General Stats
  • This quiz has been taken 126 times
  • The average score is 9 of 10
Answer Stats
Mi U.S. State Km % Correct
158 Nevada 254
97%
333 Oklahoma 536
96%
476 Arkansas 767
94%
360 Colorado 580
94%
328 Louisiana 528
94%
298 Utah 480
93%
594 Alabama 956
91%
440 Kansas 708
91%
483 Mississippi 778
91%
326 Florida 525
78%
No matching quizzes found
Score Distribution
Percent of People with Each Score
Percentile by Number Answered
Your Score History
You have not taken this quiz